[Event "Hastings Chess Congress"]
[Site "Hastings ENG"]
[Date "2006.01.01"]
[EventDate "2005.12.28"]
[Round "5"]
[Result "1-0"]
[White "Helgi Dam Ziska"]
[Black "Donny Muter"]
[WhiteElo "2251"]
[BlackElo "2085"]
[PlyCount "91"]

1. e4 c5 2. Nc3 Nc6 3. Nf3 e5 4. Bc4 d6 5. d3 Be7 6. O-O Be6
7. Be3 h6 8. Kh1 Nf6 9. Nd2 O-O 10. f4 exf4 11. Bxf4 d5
12. exd5 Nxd5 13. Nxd5 Bxd5 14. Qg4 f5 15. Qg6 Rf6 16. Qh5 Bf7
17. Rae1 Qd7 18. Be5 Nxe5 19. Rxe5 Rf8 20. Qf3 Bd6 21. Re2 Bb8
22. Rfe1 b5 23. Bxf7+ R6xf7 24. g3 Qd4 25. c3 Qd6 26. Re6 Qd8
27. Nb3 h5 28. Rg1 f4 29. g4 hxg4 30. Rxg4 Rf5 31. d4 cxd4
32. Nxd4 R5f6 33. Re2 Qd7 34. Rg5 b4 35. Rd5 Qb7 36. c4 Qa6
37. b3 Qa3 38. Rg5 Rd6 39. Qb7 Qc1+ 40. Rg1 Qxg1+ 41. Kxg1
Rxd4 42. Re7 Kh8 43. Rxg7 Be5 44. Rg5 Rg8 45. Rxg8+ Kxg8
46. c5 1-0

[Event "Hastings Chess Congress"]
[Site "Hastings ENG"]
[Date "2006.01.01"]
[EventDate "2005.12.28"]
[Round "5"]
[Result "0-1"]
[White "Daniel Andersen"]
[Black "Alexander Khantuev"]
[WhiteElo "2026"]
[BlackElo "2302"]
[PlyCount "41"]

1. c4 c5 2. Nf3 Nf6 3. Nc3 e6 4. g3 b6 5. Bg2 Bb7 6. O-O Be7
7. Re1 O-O 8. e4 d6 9. d4 cxd4 10. Qxd4 Nbd7 11. Bg5 h6
12. Bxf6 Bxf6 13. Qxd6 Bxc3 14. bxc3 Nc5 15. e5 Qc8 16. Nd4
Bxg2 17. Kxg2 Nd3 18. Red1 Qxc4 19. Nc6 Nb2 20. Rdc1 Kh8
21. Rc2 0-1

[Event "Hastings Chess Congress"]
[Site "Hastings ENG"]
[Date "2006.01.01"]
[EventDate "2005.12.28"]
[Round "5"]
[Result "0-1"]
[White "Claus Norregaard"]
[Black "Andrew Tucker"]
[WhiteElo "2205"]
[BlackElo "1940"]
[PlyCount "86"]

1. d4 c6 2. Nf3 g6 3. e4 d5 4. Nc3 Bg4 5. Be3 Bg7 6. Be2 e6
7. Qd2 Nd7 8. e5 h5 9. h3 Bxf3 10. Bxf3 a6 11. Ne2 c5 12. c3
b5 13. Bg5 Ne7 14. Nf4 Nb6 15. O-O Qd7 16. b3 c4 17. Rfb1 Nc6
18. a4 bxa4 19. bxa4 Qc7 20. a5 Nc8 21. Qa2 N6a7 22. Bd1 Nb5
23. Ba4 Nca7 24. Qc2 Rb8 25. Qd2 Rb7 26. Bc2 Kd7 27. Qe3 Re8
28. Qf3 Kc8 29. g4 hxg4 30. hxg4 Kb8 31. Kg2 Qc8 32. Rh1 Bf8
33. Rh7 Be7 34. Bxe7 Rbxe7 35. Rah1 Nc6 36. Ra1 Qc7 37. Rah1
Qxa5 38. Nxg6 fxg6 39. Bxg6 Rg8 40. Rh8 Qd8 41. Qf6 Reg7
42. Rxg8 Qxg8 43. Bf7 Qxf7 0-1

[Event "Hastings Chess Congress"]
[Site "Hastings ENG"]
[Date "2006.01.01"]
[EventDate "2005.12.28"]
[Round "5"]
[Result "1/2-1/2"]
[White "Richard G Pert"]
[Black "Simon T Ansell"]
[WhiteElo "2429"]
[BlackElo "2383"]
[PlyCount "38"]

1. e4 e5 2. Nf3 Nc6 3. Bb5 Nf6 4. O-O Bc5 5. Nxe5 Nxe5 6. d4
a6 7. Be2 Nxe4 8. dxc5 Nxc5 9. b4 Ne6 10. f4 Nc6 11. Bb2 d5
12. f5 Ng5 13. Qe1 Qe7 14. Nc3 Nxb4 15. Qd2 Bd7 16. a3 Nc6
17. Nxd5 Qc5+ 18. Kh1 O-O-O 19. c4 Ne4 1/2-1/2

[Event "Hastings Chess Congress"]
[Site "Hastings ENG"]
[Date "2006.01.01"]
[EventDate "2005.12.28"]
[Round "5"]
[Result "0-1"]
[White "Adrien Capitaine"]
[Black "Jon Viktor Gunnarsson"]
[WhiteElo "2186"]
[BlackElo "2411"]
[PlyCount "84"]

1. f4 d5 2. Nf3 g6 3. e3 Bg7 4. Be2 c5 5. O-O Nc6 6. Qe1 Nh6
7. d3 Nf5 8. c3 e5 9. e4 dxe4 10. dxe4 Nd6 11. Bd3 Qe7 12. Qg3
O-O 13. fxe5 Nxe5 14. Bf4 Re8 15. Bc2 b6 16. Nbd2 Ba6 17. Rf2
Rad8 18. Nxe5 Bxe5 19. Re1 Nc4 20. Nxc4 Bxc4 21. Bb3 Bxb3
22. axb3 Bxf4 23. Qxf4 Qe6 24. c4 Rd4 25. Rfe2 Kg7 26. Qf3 Qe5
27. Qc3 a5 28. g3 f6 29. Qf3 Red8 30. Qf4 Rd3 31. Re3 Rxe3
32. Qxe3 Qxb2 33. Re2 Qd4 34. Kf2 Kf7 35. Kf3 Qxe3+ 36. Rxe3
Ke6 37. Kf4 h5 38. h3 g5+ 39. Kf3 Ke5 40. g4 h4 41. Ke2 Rd4
42. Kf3 Rd2 0-1

[Event "Hastings Chess Congress"]
[Site "Hastings ENG"]
[Date "2006.01.01"]
[EventDate "2005.12.28"]
[Round "5"]
[Result "1-0"]
[White "Vincent Colin"]
[Black "Gunnar Johnsen"]
[WhiteElo "2375"]
[BlackElo "2231"]
[PlyCount "57"]

1. c4 f5 2. e4 fxe4 3. d3 Nc6 4. dxe4 e5 5. Be3 Nf6 6. f3 b6
7. Ne2 Bc5 8. Qd2 O-O 9. Nbc3 Bxe3 10. Qxe3 d6 11. O-O-O Be6
12. Nd5 Nd7 13. h4 a6 14. Nec3 Nd4 15. Rxd4 exd4 16. Qxd4 c6
17. Ne3 Qe7 18. Be2 Ne5 19. Qxb6 Rab8 20. Qxa6 Ra8 21. Qb6
Rfb8 22. Qd4 Qb7 23. b3 Rxa2 24. Nxa2 Qxb3 25. Nc2 Qxa2
26. Qxd6 Qb2+ 27. Kd2 Bxc4 28. f4 Bd3 29. Bxd3 1-0

[Event "Hastings Chess Congress"]
[Site "Hastings ENG"]
[Date "2006.01.01"]
[EventDate "2005.12.28"]
[Round "5"]
[Result "1-0"]
[White "Jovanka Houska"]
[Black "Tore Kolas"]
[WhiteElo "2351"]
[BlackElo "2160"]
[PlyCount "65"]

1. e4 c5 2. Nc3 Nc6 3. g3 g6 4. d3 Bg7 5. Be3 d6 6. Qd2 Rb8
7. Bg2 b5 8. Nge2 b4 9. Nd1 Nd4 10. O-O Nxe2+ 11. Qxe2 Nf6
12. e5 dxe5 13. Bxc5 Qc7 14. Be3 O-O 15. a3 b3 16. cxb3 Ba6
17. Nc3 Rxb3 18. Rac1 Qb8 19. Rfd1 Rd8 20. Rc2 e4 21. Nxe4
Rbxd3 22. Rdc1 Nxe4 23. Bxe4 Rxa3 24. Qf3 Ra4 25. Rc7 Bf6
26. Bd5 Qxb2 27. Rxe7 Be2 28. Bxf7+ Kf8 29. Qb7 Qxb7 30. Rxb7
Bf3 31. Bh6+ Bg7 32. Bxg7+ Kxg7 33. Bd5+ 1-0

[Event "Hastings Chess Congress"]
[Site "Hastings ENG"]
[Date "2006.01.01"]
[EventDate "2005.12.28"]
[Round "5"]
[Result "1-0"]
[White "Vladimir Prosviriakov"]
[Black "Baptiste Le Bailly"]
[WhiteElo "2387"]
[BlackElo "2106"]
[PlyCount "31"]

1. Nf3 Nf6 2. d4 e6 3. Bg5 d5 4. e3 Nbd7 5. Nbd2 a6 6. Bd3 Be7
7. c3 O-O 8. Ne5 Nxe5 9. dxe5 Nd7 10. Bf4 f6 11. Qh5 g6
12. Bxg6 hxg6 13. Qxg6+ Kh8 14. h4 Qe8 15. Qh6+ Kg8 16. Rh3
1-0

[Event "Hastings Chess Congress"]
[Site "Hastings ENG"]
[Date "2006.01.01"]
[EventDate "2005.12.28"]
[Round "5"]
[Result "0-1"]
[White "John N Sugden"]
[Black "Adam G Ashton"]
[WhiteElo "2160"]
[BlackElo "2331"]
[PlyCount "67"]

1. e4 e5 2. Nf3 Nc6 3. Bb5 a6 4. Ba4 Nf6 5. O-O Be7 6. Re1 b5
7. Bb3 O-O 8. d4 d6 9. c3 Bg4 10. Be3 exd4 11. cxd4 Na5
12. Bc2 c5 13. dxc5 Qc7 14. Nbd2 dxc5 15. h3 Bh5 16. Qe2 Rfd8
17. Rac1 Nc6 18. Qf1 c4 19. g4 Bg6 20. Qe2 Nd7 21. Nh2 Bd6
22. Ndf1 Nc5 23. Bxc5 Bxc5 24. Qf3 Nd4 25. Qg2 Ne6 26. Ne3 Nf4
27. Qf3 Qe5 28. Nhf1 Nd3 29. Bxd3 Rxd3 30. b3 c3 31. Ng3 Rad8
32. Ngf5 Re8 33. Kg2 h6 34. Nd5 0-1

[Event "Hastings Chess Congress"]
[Site "Hastings ENG"]
[Date "2006.01.01"]
[EventDate "2005.12.28"]
[Round "5"]
[Result "1/2-1/2"]
[White "Jerry Humphreys"]
[Black "Ian Snape"]
[WhiteElo "2084"]
[BlackElo "2258"]
[PlyCount "102"]

1. e4 c5 2. Nc3 g6 3. g3 Bg7 4. Bg2 Nc6 5. Nge2 d6 6. d3 e6
7. Be3 Nd4 8. O-O Ne7 9. Qd2 Qa5 10. Nc1 O-O 11. Nb3 Qc7
12. Nd1 e5 13. c3 Nxb3 14. axb3 Be6 15. c4 Qb6 16. Nc3 a6
17. Ra3 Nc6 18. Ne2 f5 19. f4 Rae8 20. Kh1 Kh8 21. Bf3 Rf7
22. h4 Nd4 23. Bxd4 exd4 24. h5 Rfe7 25. Ng1 Bf6 26. Qh2 g5
27. fxg5 Bxg5 28. Nh3 fxe4 29. Bxe4 Be3 30. Nf4 Bxf4 31. Rxf4
d5 32. Bg6 hxg6 33. hxg6+ Kg8 34. Rh4 Bh3 35. Qxh3 Re1+
36. Kg2 R8e2+ 37. Kf3 Qf6+ 38. Rf4 Re3+ 39. Kf2 Qxf4+ 40. gxf4
R1e2+ 41. Kf1 Re1+ 42. Kf2 Rxh3 43. Kxe1 Kg7 44. Ra5 dxc4
45. Rxc5 Kxg6 46. Rxc4 Rxd3 47. Rb4 b5 48. Ke2 Re3+ 49. Kd2
Kf5 50. Rxd4 Rxb3 51. Kc2 Re3 1/2-1/2

[Event "Hastings Chess Congress"]
[Site "Hastings ENG"]
[Date "2006.01.01"]
[EventDate "2005.12.28"]
[Round "5"]
[Result "1-0"]
[White "Yves Duhayon"]
[Black "Michael F G Duggan"]
[WhiteElo "2233"]
[BlackElo "2082"]
[PlyCount "53"]

1. Nf3 Nf6 2. c4 d5 3. cxd5 Nxd5 4. e4 Nf6 5. Nc3 e6 6. d4 c5
7. d5 a6 8. Bg5 Be7 9. d6 Bf8 10. e5 h6 11. Bh4 g5 12. Nxg5
hxg5 13. Bxg5 Qb6 14. Bxf6 Qxb2 15. Qc1 Qxc1+ 16. Rxc1 Bh6
17. Bxh8 Bxc1 18. Ne4 Nd7 19. Nf6+ Kf8 20. Bd3 b5 21. h4 Bb2
22. f4 Nb6 23. h5 Nd5 24. h6 Bc3+ 25. Kd1 Nxf6 26. Bxf6 Ke8
27. h7 1-0

[Event "Hastings Chess Congress"]
[Site "Hastings ENG"]
[Date "2006.01.02"]
[EventDate "2005.12.28"]
[Round "6"]
[Result "1-0"]
[White "Vladimir Belov"]
[Black "Simon Kim Williams"]
[WhiteElo "2620"]
[BlackElo "2452"]
[PlyCount "61"]

1. e4 g6 2. d4 Bg7 3. c4 d6 4. Nf3 c5 5. Be2 Bg4 6. d5 a6
7. Nc3 Nd7 8. O-O Ngf6 9. Bg5 O-O 10. a4 Ne8 11. Ra3 Nc7
12. Rb3 Rb8 13. Nd2 Bxe2 14. Qxe2 Qe8 15. f4 e6 16. Re1 f6
17. Bh4 Qf7 18. Nf3 Rfe8 19. dxe6 Nxe6 20. Qd2 Bh6 21. Nd5 f5
22. exf5 gxf5 23. Rbe3 Bg7 24. Ne7+ Rxe7 25. Bxe7 Nd4 26. Bxd6
Rd8 27. Bc7 Rc8 28. Be5 Nxe5 29. Nxe5 Bxe5 30. Rxe5 Qxc4
31. Qe3 1-0

[Event "Hastings Chess Congress"]
[Site "Hastings ENG"]
[Date "2006.01.02"]
[EventDate "2005.12.28"]
[Round "6"]
[Result "1/2-1/2"]
[White "Bogdan Lalic"]
[Black "Mark Hebden"]
[WhiteElo "2490"]
[BlackElo "2514"]
[PlyCount "37"]

1. d4 Nf6 2. c4 g6 3. Nc3 Bg7 4. e4 d6 5. Bd3 O-O 6. Nge2 Nc6
7. O-O Nh5 8. Bc2 e5 9. d5 Ne7 10. a4 Kh8 11. a5 a6 12. Ra3 f5
13. exf5 gxf5 14. Ng3 Nf4 15. Nce2 Neg6 16. Nxf4 Nxf4 17. Nh5
Nxh5 18. Qxh5 Qe8 19. Qe2 1/2-1/2

[Event "Hastings Chess Congress"]
[Site "Hastings ENG"]
[Date "2006.01.02"]
[EventDate "2005.12.28"]
[Round "6"]
[Result "1/2-1/2"]
[White "Piotr Bobras"]
[Black "Stephen Gordon"]
[WhiteElo "2563"]
[BlackElo "2411"]
[PlyCount "119"]

1. e4 c5 2. Nf3 d6 3. d4 cxd4 4. Nxd4 Nf6 5. Nc3 a6 6. Be3 Ng4
7. Bg5 h6 8. Bh4 g5 9. Bg3 Bg7 10. Be2 h5 11. Bxg4 hxg4
12. Nd5 Nc6 13. Nf5 Bxf5 14. exf5 Bxb2 15. Rb1 Qa5+ 16. Qd2
Bd4 17. Qxa5 Nxa5 18. O-O f6 19. Rfe1 Be5 20. Bxe5 dxe5
21. Nc7+ Kf7 22. Nxa8 Rxa8 23. Re4 b5 24. Rxg4 Rh8 25. a4 Nc4
26. axb5 axb5 27. Rxb5 Nd6 28. Rc5 Nxf5 29. g3 Ra8 30. Re4
Ra1+ 31. Kg2 Rc1 32. c3 Rc2 33. h3 Ke6 34. Re1 Kd6 35. Rc8 Kd7
36. Rc4 Ke6 37. Kf1 Kf7 38. Re2 Rc1+ 39. Re1 Rc2 40. Rc5 Ke6
41. Re2 Rc1+ 42. Kg2 Kd6 43. Rc8 Kd7 44. Rc4 Ke6 45. Kh2 Kd5
46. Rc8 Ke6 47. Kg2 Kd7 48. Rc4 Ke6 49. Rd2 Nd6 50. Rc7 Nb5
51. Rc6+ Nd6 52. Kf3 Kd7 53. Rc5 Ke6 54. Rc6 Kd7 55. Rc4 Ke6
56. Rc5 Kf7 57. Ra2 Ke6 58. Ra7 Rc2 59. g4 Rxf2+ 60. Kxf2
1/2-1/2

[Event "Hastings Chess Congress"]
[Site "Hastings ENG"]
[Date "2006.01.02"]
[EventDate "2005.12.28"]
[Round "6"]
[Result "0-1"]
[White "Jack Rudd"]
[Black "Erik Zude"]
[WhiteElo "2281"]
[BlackElo "2426"]
[PlyCount "42"]

1. e4 d6 2. d4 Nf6 3. Nc3 g6 4. Bg5 h6 5. Be3 c6 6. f3 Nbd7
7. Qd2 Qc7 8. O-O-O b5 9. Kb1 Nb6 10. e5 Nfd5 11. exd6 exd6
12. Re1 Be6 13. Nh3 Bg7 14. Nxd5 Nxd5 15. Nf4 Nxf4 16. Bxf4
O-O 17. Bd3 Rfe8 18. Bxh6 Bxa2+ 19. Kxa2 Rxe1 20. Bxg7 Rxh1
21. Qh6 Rxh2 0-1

[Event "Hastings Chess Congress"]
[Site "Hastings ENG"]
[Date "2006.01.02"]
[EventDate "2005.12.28"]
[Round "6"]
[Result "0-1"]
[White "Wolfram Schoen"]
[Black "Helgi Dam Ziska"]
[WhiteElo "2415"]
[BlackElo "2251"]
[PlyCount "84"]

1. Nf3 Nf6 2. d3 g6 3. e4 d6 4. g3 Bg7 5. Bg2 O-O 6. O-O c6
7. Re1 e5 8. Nbd2 b5 9. c3 Nbd7 10. Qc2 Qc7 11. a4 Bb7 12. b3
a6 13. d4 c5 14. dxe5 dxe5 15. Nf1 Rfd8 16. N3d2 Nf8 17. Bb2
Ne6 18. Ne3 Rac8 19. Red1 Bh6 20. Ndf1 c4 21. b4 Qb8 22. axb5
axb5 23. h4 Bf8 24. Nd5 Nxd5 25. exd5 Nc7 26. Ne3 f5 27. h5 e4
28. hxg6 hxg6 29. Ra5 Bxd5 30. g4 Be6 31. gxf5 gxf5 32. Bh3
Ne8 33. Nxf5 Qe5 34. f4 exf3 35. Rf1 Rd3 36. Rxb5 Qxb5
37. Ne7+ Bxe7 38. Bxe6+ Kg7 39. Bxc8 Qg5+ 40. Kh1 Rd2 41. Qxd2
Qxd2 42. Rg1+ Kf7 0-1

[Event "Hastings Chess Congress"]
[Site "Hastings ENG"]
[Date "2006.01.02"]
[EventDate "2005.12.28"]
[Round "6"]
[Result "0-1"]
[White "Watu Kobese"]
[Black "Li Wu"]
[WhiteElo "2400"]
[BlackElo "2287"]
[PlyCount "58"]

1. e4 c5 2. Nf3 d6 3. d4 cxd4 4. Nxd4 Nf6 5. Nc3 g6 6. Be3 Bg7
7. f3 O-O 8. Qd2 Nc6 9. g4 Be6 10. h4 d5 11. e5 Nxe5 12. h5
Nxf3+ 13. Nxf3 Bxg4 14. Bg2 Bxh5 15. O-O-O Rc8 16. Nxd5 Nxd5
17. Qxd5 Qc7 18. Qe4 Bg4 19. Rd5 h5 20. Bd4 e6 21. Re5 Bf5
22. Rxf5 exf5 23. Qd3 Rfd8 24. c3 Qg3 25. Qd2 Bxd4 26. Nxd4
Rxd4 27. Qxd4 Qxg2 28. Rg1 Qe4 29. Qxa7 f4 0-1

[Event "Hastings Chess Congress"]
[Site "Hastings ENG"]
[Date "2006.01.02"]
[EventDate "2005.12.28"]
[Round "6"]
[Result "0-1"]
[White "Gurpreet Pal Singh"]
[Black "Petr Marusenko"]
[WhiteElo "2286"]
[BlackElo "2342"]
[PlyCount "63"]

1. e4 c6 2. d3 d5 3. Nd2 Qc7 4. Ngf3 Bg4 5. Be2 Nf6 6. O-O e6
7. c3 Nbd7 8. e5 Bxf3 9. exf6 Bxe2 10. fxg7 Bxg7 11. Qxe2 Qe5
12. Qd1 O-O-O 13. Nf3 Qh5 14. Qa4 Ne5 15. Nxe5 Bxe5 16. f4 Bb8
17. Be3 Rhg8 18. Rf2 Qh3 19. Bxa7 Rg4 20. Bxb8 Rdg8 21. Qc2
Rh4 22. Be5 Qxh2+ 23. Kf1 Qh1+ 24. Ke2 Qxa1 25. Qa4 Qxb2+
26. Kf3 Qb5 27. Qxb5 cxb5 28. Rb2 Rhg4 29. Ke3 Rxg2 30. Rxb5
Rxa2 31. Rc5+ Kd8 32. Rc7 0-1

[Event "Hastings Chess Congress"]
[Site "Hastings ENG"]
[Date "2006.01.02"]
[EventDate "2005.12.28"]
[Round "6"]
[Result "1-0"]
[White "Alexander Khantuev"]
[Black "Adrien Capitaine"]
[WhiteElo "2302"]
[BlackElo "2186"]
[PlyCount "47"]

1. e4 e5 2. Nf3 Nc6 3. d4 exd4 4. Nxd4 Qh4 5. Nc3 Bb4 6. Be2
Bxc3+ 7. bxc3 Qxe4 8. Nb5 Kd8 9. O-O a6 10. Bf3 Qg6 11. Nd4
Nge7 12. Re1 d6 13. h4 h6 14. Qe2 Qf6 15. Rb1 Qxh4 16. Nxc6+
Nxc6 17. Bxc6 bxc6 18. Rb4 Qf6 19. Rf4 Bg4 20. Qxg4 Qg6
21. Qf3 Rb8 22. Rxf7 Kc8 23. Ba3 Rd8 24. Ree7 1-0

[Event "Hastings Chess Congress"]
[Site "Hastings ENG"]
[Date "2006.01.02"]
[EventDate "2005.12.28"]
[Round "6"]
[Result "1/2-1/2"]
[White "James C Mansson"]
[Black "Dimitar Karapchanski"]
[WhiteElo "2114"]
[BlackElo "2270"]
[PlyCount "203"]

1. e4 c5 2. Nf3 e6 3. d3 Nc6 4. c3 d5 5. Qe2 Be7 6. g3 Nf6
7. Nbd2 b6 8. Bg2 Ba6 9. e5 Nd7 10. O-O g5 11. h3 h5 12. g4
hxg4 13. hxg4 Qc7 14. Re1 O-O-O 15. a3 Nf8 16. Nf1 Ng6 17. b4
d4 18. c4 Bb7 19. bxc5 bxc5 20. Rb1 Nh4 21. Nxh4 Rxh4 22. Bd2
Rdh8 23. Qe4 Nd8 24. Rxb7 Qxb7 25. Ng3 Qxe4 26. Nxe4 Rxg4
27. f3 Rxe4 28. Rxe4 Kd7 29. Re1 Nc6 30. Rb1 Rb8 31. Rxb8 Nxb8
32. f4 gxf4 33. Bxf4 Nc6 34. Bf3 Bf8 35. Bh5 Ke8 36. Bf3 Nb8
37. Bd1 Bg7 38. Ba4+ Nd7 39. Kf2 Kd8 40. Bxd7 Kxd7 41. Kf3 Bf8
42. Ke4 Be7 43. Bd2 Bd8 44. Kf3 Ke8 45. Bh6 Ba5 46. Bg7 Bd2
47. Ke2 Bc1 48. a4 Bg5 49. Kf3 Be7 50. Kg4 Kd7 51. Kh5 Ke8
52. Kg4 Bd8 53. Kh5 Ba5 54. Kg4 Bd2 55. Kh5 Bf4 56. Kg4 Be3
57. Kh5 Bf2 58. Kg4 Bg1 59. Kh5 Bh2 60. Kg4 a6 61. Kh3 Bf4
62. Kg4 Bd2 63. Kf3 Bg5 64. Kg4 Be7 65. Kh5 Bd8 66. Kg4 Bc7
67. Kh5 Ba5 68. Kg4 Bd2 69. Kh5 Ba5 70. Kg4 Bd8 71. Kh5 Be7
72. Kg4 Kd7 73. Kh5 Kc6 74. Kh6 Kd7 75. Kh5 Kc7 76. Kh6 Kd7
77. Kh5 Ke8 78. Kg4 Bf8 79. Bf6 Kd7 80. Kh5 Kc7 81. Kg5 Kd7
82. Kh5 Kc8 83. Kg4 Kd7 84. Kh5 Ke8 85. Kg4 Bh6 86. Kh5 Bd2
87. Bg7 Bf4 88. Kg4 Bh2 89. Kh3 Bg1 90. Kg4 Be3 91. Kh5 Bd2
92. Kg4 Ba5 93. Kh5 Bc7 94. Kg4 Bb8 95. Kh5 f5 96. exf6 Kf7
97. Kg5 Be5 98. Bh8 Bc7 99. Bg7 Bd6 100. Bh6 Be5 101. Bg7 Bc7
102. Bh8 1/2-1/2

[Event "Hastings Chess Congress"]
[Site "Hastings ENG"]
[Date "2006.01.02"]
[EventDate "2005.12.28"]
[Round "6"]
[Result "1-0"]
[White "Gudmundur Kjartansson"]
[Black "Richard Almond"]
[WhiteElo "2257"]
[BlackElo "2096"]
[PlyCount "103"]

1. e4 d5 2. exd5 Qxd5 3. Nc3 Qa5 4. d4 c6 5. Nf3 Nf6 6. Bc4
Bf5 7. Bd2 e6 8. Nd5 Qd8 9. Nxf6+ Qxf6 10. Qe2 Nd7 11. O-O-O
h6 12. d5 cxd5 13. Bxd5 Ba3 14. c3 O-O 15. Be4 Bc5 16. Bxb7
Rab8 17. Be4 Nb6 18. Bxf5 Qxf5 19. g4 Qh7 20. Bf4 Rb7 21. Qc2
Qxc2+ 22. Kxc2 Bxf2 23. Rhf1 Bc5 24. b4 Be7 25. Kb3 Nd5
26. Bd2 Rc8 27. a3 Rbc7 28. Rc1 Nb6 29. Bf4 Rc4 30. Nd2 R4c6
31. c4 Rd8 32. c5 Nd5 33. Ne4 f5 34. gxf5 exf5 35. Ng3 Nxf4
36. Rxf4 Bg5 37. Nxf5 Re6 38. Rd4 Rf8 39. Rf1 Re5 40. Ng3 Re3+
41. Ka4 Bf6 42. Rd7 Rb8 43. Rxf6 gxf6 44. Nf5 Rc3 45. c6 Re8
46. Nxh6+ Kh8 47. Nf7+ Kg8 48. c7 f5 49. Nh6+ Kh8 50. Rd8 Kh7
51. Rxe8 Rxc7 52. Nxf5 1-0

[Event "Hastings Chess Congress"]
[Site "Hastings ENG"]
[Date "2006.01.02"]
[EventDate "2005.12.28"]
[Round "6"]
[Result "1-0"]
[White "Jan Rode Pedersen"]
[Black "Odin Blikra Vea"]
[WhiteElo "2238"]
[BlackElo "2090"]
[PlyCount "79"]

1. e4 c5 2. Nf3 Nc6 3. Bb5 Na5 4. c3 a6 5. Ba4 b5 6. Bc2 Bb7
7. d3 e6 8. O-O Nf6 9. Qe2 Be7 10. Nbd2 O-O 11. b3 d5 12. e5
Nd7 13. d4 Qc7 14. Ba3 Rac8 15. Rac1 Nc6 16. Rfe1 b4 17. Bb2
Qa5 18. Bb1 Rfe8 19. h4 Nf8 20. cxb4 cxb4 21. Nf1 Na7 22. N1h2
Nb5 23. Ng5 h6 24. Ngf3 Nc3 25. Bxc3 bxc3 26. Ng4 Qd8 27. g3
h5 28. Ne3 f5 29. exf6 Bxf6 30. Ng2 Qb6 31. Qd3 Qb5 32. Rxc3
Qxd3 33. Rxd3 Rc7 34. Nf4 g6 35. Rde3 Kf7 36. Ne5+ Bxe5
37. Rxe5 a5 38. Rg5 e5 39. Nxg6 exd4 40. Nh8+ 1-0

[Event "Hastings Chess Congress"]
[Site "Hastings ENG"]
[Date "2006.01.02"]
[EventDate "2005.12.28"]
[Round "6"]
[Result "1/2-1/2"]
[White "Gunnar Johnsen"]
[Black "Andrew Tucker"]
[WhiteElo "2231"]
[BlackElo "1940"]
[PlyCount "109"]

1. d4 c6 2. c4 g6 3. Nc3 d5 4. Nf3 Nf6 5. cxd5 cxd5 6. Bf4 Bg7
7. e3 O-O 8. h3 Nc6 9. Bd3 b6 10. Rc1 Bb7 11. O-O Rc8 12. Ne5
Nxe5 13. Bxe5 Nd7 14. Bxg7 Kxg7 15. f4 f5 16. g4 e6 17. g5 Qe7
18. h4 Nb8 19. Qa4 a6 20. Qb3 b5 21. Ne2 Nc6 22. Rc5 Na5
23. Qc3 Nc4 24. Bb1 Kg8 25. b3 Nb6 26. Rc1 Rfd8 27. Qa5 Rd6
28. Bd3 Qd7 29. Kf2 Rdc6 30. Qc3 Qd6 31. Ng1 Nd7 32. Rxc6 Rxc6
33. Qd2 Rxc1 34. Qxc1 Qc6 35. Qxc6 Bxc6 36. Nf3 Kf7 37. Ne5+
Nxe5 38. dxe5 Ke7 39. b4 Kd7 40. Ke2 Bb7 41. Kd2 Kc6 42. Kc3
Bc8 43. Be2 Bd7 44. Kb3 Be8 45. Kc3 Bd7 46. h5 Be8 47. hxg6
hxg6 48. Kd4 Bf7 49. Bd1 Be8 50. a4 Bf7 51. a5 Be8 52. Bc2 Bf7
53. Bb3 Bg8 54. Ba2 Bf7 55. Bb3 1/2-1/2

[Event "Hastings Chess Congress"]
[Site "Hastings ENG"]
[Date "2006.01.02"]
[EventDate "2005.12.28"]
[Round "6"]
[Result "1-0"]
[White "Felix J Kwiatkowski"]
[Black "Sarah N Hegarty"]
[WhiteElo "2223"]
[BlackElo "1892"]
[PlyCount "63"]

1. e4 c5 2. Nf3 Nc6 3. c3 d5 4. exd5 Qxd5 5. d4 Nf6 6. Be2
cxd4 7. cxd4 e6 8. Nc3 Qd6 9. O-O Be7 10. Bg5 O-O 11. Qd2 Rd8
12. Rfd1 Nd5 13. Rac1 Nxc3 14. bxc3 Bxg5 15. Qxg5 Qe7 16. Qe3
b6 17. c4 Ba6 18. Bf1 Bb7 19. d5 exd5 20. cxd5 Qxe3 21. fxe3
Nb4 22. e4 f5 23. Rc7 fxe4 24. Rxb7 exf3 25. d6 f2+ 26. Kxf2
Rac8 27. Rc7 h6 28. a3 Rxc7 29. dxc7 Rf8+ 30. Kg3 Nc6 31. Bc4+
Kh7 32. Be6 1-0

[Event "Hastings Chess Congress"]
[Site "Hastings ENG"]
[Date "2006.01.02"]
[EventDate "2005.12.28"]
[Round "6"]
[Result "1/2-1/2"]
[White "Richard J Webster"]
[Black "Claus Norregaard"]
[WhiteElo "1968"]
[BlackElo "2205"]
[PlyCount "90"]

1. c4 e5 2. g3 Nc6 3. Bg2 d6 4. Nc3 g6 5. e4 Bg7 6. Nge2 Nge7
7. d3 Be6 8. Nd5 O-O 9. O-O Nd4 10. Nxd4 exd4 11. Bg5 f6
12. Bd2 c6 13. Nxe7+ Qxe7 14. Qc1 Rac8 15. b4 f5 16. c5 b6
17. Bg5 Bf6 18. Bxf6 Rxf6 19. cxb6 axb6 20. exf5 Rxf5 21. Bh3
Re5 22. Bxe6+ Qxe6 23. Qb2 c5 24. bxc5 dxc5 25. Rab1 Rc6
26. a4 Re2 27. Qb5 c4 28. Rbc1 c3 29. a5 bxa5 30. Qxa5 Qf6
31. Qd5+ Kg7 32. Qd7+ Re7 33. Qg4 h5 34. Qd1 Rb6 35. Re1 Rb2
36. Rxe7+ Qxe7 37. Qa4 Qf6 38. Qd7+ Kh6 39. f4 Qg7 40. Qd8 Kh7
41. f5 gxf5 42. Qe8 Kh6 43. Qe6+ Qg6 44. Qe5 Qc6 45. Qh8+ Kg6
1/2-1/2

[Event "Hastings Chess Congress"]
[Site "Hastings ENG"]
[Date "2006.01.02"]
[EventDate "2005.12.28"]
[Round "6"]
[Result "0-1"]
[White "Rasa Norinkeviciute"]
[Black "Yves Duhayon"]
[WhiteElo "2082"]
[BlackElo "2233"]
[PlyCount "106"]

1. e4 e5 2. Nf3 Nc6 3. Bb5 Nf6 4. d3 d6 5. c3 g6 6. O-O Bg7
7. h3 O-O 8. Be3 Bd7 9. Qd2 Re8 10. Bh6 Nh5 11. g4 Qf6 12. Kg2
Bxh6 13. Qxh6 Nf4+ 14. Kg3 Qg7 15. Qxg7+ Kxg7 16. Rd1 h5
17. Na3 Nxh3 18. Kxh3 hxg4+ 19. Kg3 gxf3 20. Kxf3 a6 21. Bc4
Na5 22. Bd5 c6 23. Nc4 Nxc4 24. Bxc4 Rh8 25. Rh1 f5 26. exf5
Bxf5 27. Ke3 d5 28. Bb3 Kf6 29. Rag1 d4+ 30. Kd2 Rad8 31. c4
c5 32. Bd1 e4 33. Be2 g5 34. a3 Rh4 35. Rb1 Rdh8 36. Rhf1 Rh3
37. b4 b6 38. bxc5 bxc5 39. Rb6+ Ke5 40. dxe4 Bxe4 41. f3 Bf5
42. Rg1 Rh2 43. Kd1 Kf4 44. Rf6 Ke5 45. Rb6 Rf2 46. Rc6 Rhh2
47. Rxc5+ Kf4 48. Re1 d3 49. Rxf5+ Kxf5 50. Bxd3+ Kf4 51. Be2
Ke3 52. Bf1+ Kxf3 53. c5 Ra2 0-1

[Event "Hastings Chess Congress"]
[Site "Hastings ENG"]
[Date "2006.01.02"]
[EventDate "2005.12.28"]
[Round "6"]
[Result "1-0"]
[White "Milos Pavlovic"]
[Black "Willy Hendriks"]
[WhiteElo "2507"]
[BlackElo "2402"]
[PlyCount "129"]

1. e4 d6 2. d4 Nf6 3. Nc3 g6 4. f3 Bg7 5. Be3 c6 6. Qd2 b5
7. g4 h5 8. g5 Nfd7 9. f4 Nb6 10. Nf3 d5 11. Bd3 b4 12. Nd1
dxe4 13. Bxe4 Nc4 14. Qxb4 Nd6 15. Bd3 O-O 16. Qd2 Bf5 17. Nc3
Nd7 18. Ne5 Qc7 19. O-O-O Nb6 20. Qg2 Rac8 21. Ne4 Nd5
22. Rhe1 Rb8 23. Nc5 Qb6 24. b3 Bxd3 25. cxd3 Nf5 26. Bg1 Rfc8
27. Qd2 Qd8 28. Kb1 Rb4 29. Re4 Qa5 30. Rc1 Rcb8 31. Re2 Bxe5
32. fxe5 e6 33. Rc4 Qa3 34. Qc1 Qa5 35. Rec2 Rxc4 36. dxc4 Nb4
37. Rd2 Na6 38. Ne4 Kg7 39. Bf2 Qc7 40. Qc3 Rd8 41. Kb2 Nb8
42. Nf6 Nd7 43. d5 cxd5 44. cxd5 Qxc3+ 45. Kxc3 Nxe5 46. dxe6
Rxd2 47. Kxd2 fxe6 48. Bxa7 Nf3+ 49. Ke2 Nxg5 50. Nd7 Ne4
51. a4 Kf7 52. Kd3 Ned6 53. a5 Nb5 54. Bc5 Nc7 55. b4 Ke8
56. Ne5 g5 57. Kc4 g4 58. b5 Kd8 59. b6 Na6 60. Kb5 Nc7+
61. Kc6 Na6 62. b7 g3 63. hxg3 Nxg3 64. Kb6 Ne4 65. Kxa6 1-0